000 00620nam a2200181Ia 4500
003 GCL
008 140319s9999 xx 000 0 ara d
040 _aGCL /
_cGCL
082 0 4 _aط
_b371.32
_bع م
100 1 _aعزالدين فراج
245 1 0 _aالتعاون والجمعيات التعاونية /
_cعزالدين فراج
260 _a[S.N] :
_bدار الفكر العربى ،
_c1981
300 _a31 ص
490 _aالموسوعة العلمية المبسطة المصورة للاطفال
_v0
650 0 4 _aالاطفال
650 0 4 _aدوائر المعارف العربية
942 _2ddc
_cBK
999 _c58364
_d58364